[Event "Heusenstamm Sparkassen op 11th"]
[Site "Heusenstamm"]
[Date "2024.11.22"]
[Round "2"]
[White "Henzelmann, Matthias"]
[Black "Winand, Edgar"]
[Result "0-1"]
[WhiteElo "1680"]
[BlackElo "1878"]
[PlyCount "92"]
[EventDate "2024.11.21"]
[EventType "swiss"]
[EventRounds "7"]
[EventCountry "GER"]
[SourceTitle "CB51_2024"]
[SourceDate "2024.12.18"]
[SourceVersion "1"]
[SourceVersionDate "2024.12.18"]
[SourceQuality "1"]

1. d4 d6 2. c4 g6 3. Nc3 Bg7 4. e4 Nc6 5. Be3 e5 6. d5 Nd4 7. Nge2 f5 8. Nxd4 f4 9. Bxf4 exf4 10. Rc1 a6 11. Be2 Qf6 12. Nf3 Qe7 13. Bd3 g5 14. h3 Nh6 15. Qe2 0-0 16. Kd2 Nf7 17. Ne1 Ne5 18. f3 h5 19. Nc2 Bd7 20. b3 Qf6 21. Ne1 c6 22. Bb1 Rac8 23. Nd3 c5 24. Nxe5 Qxe5 25. Qd3 Rc7 26. Rc2 Rfc8 27. a3 Re8 28. Ba2 b5 29. cxb5 axb5 30. Ne2 Ra8 31. Nc3 b4 32. axb4 cxb4 33. Na4 Rxc2+ 34. Qxc2 Bxa4 35. bxa4 Qd4+ 36. Ke2 Qe3+ 37. Kd1 Bc3 38. Bb3 Rc8 39. Rf1 Rc5 40. e5 Kg7 41. e6 Bf6 42. Qb1 Rc3 43. Bc2 b3 44. Bh7 Qd4+ 45. Ke2 Re3+ 46. Kf2 Rd3+ 0-1

[Event "Marburg op"]
[Site "Marburg"]
[Date "2024.10.25"]
[Round "2"]
[White "Kolker, Vladislav"]
[Black "Henzelmann, Matthias"]
[Result "1/2-1/2"]
[WhiteElo "1861"]
[BlackElo "1645"]
[PlyCount "111"]
[EventDate "2024.10.24"]
[EventType "swiss"]
[EventRounds "7"]
[EventCountry "GER"]
[SourceTitle "CB16_2025"]
[SourceDate "2025.04.16"]
[SourceVersion "1"]
[SourceVersionDate "2025.04.16"]
[SourceQuality "1"]

1. e4 c5 2. Nf3 e6 3. b4 cxb4 4. a3 Nc6 5. axb4 Bxb4 6. c3 Be7 7. d4 d5 8. e5 Qc7 9. Bd3 Bd8 10. Na3 Qd7 11. Nb5 Bc7 12. Ba3 Nge7 13. h4 a6 14. Bd6 Bd8 15. h5 b6 16. h6 g6 17. g4 Bb7 18. Na3 Bc7 19. Bxc7 Qxc7 20. 0-0 0-0 21. Re1 b5 22. Nc2 Nc8 23. Ng5 Qe7 24. Qd2 Nb6 25. f4 Nc4 26. Qf2 Kh8 27. Re2 Rg8 28. Rf1 Raf8 29. Qh4 Nb2 30. Ne1 Nc4 31. Nc2 Bc8 32. Rg2 f5 33. exf6 Rxf6 34. Re2 Rgf8 35. f5 Nb2 36. Ne1 Nxd3 37. Nxd3 gxf5 38. gxf5 Rxf5 39. Rxf5 Rxf5 40. Rg2 Rf8 41. Nf4 Nd8 42. Qg4 Rg8 43. Nh5 Nf7 44. Nxf7+ Qxf7 45. Ng7 Qf6 46. Qh5 Rf8 47. Ne8 Qf1+ 48. Kh2 Qf4+ 49. Kg1 Bd7 50. Ng7 a5 51. Qh3 Rf6 52. Nh5 Qf1+ 53. Kh2 Rxh6 54. Rg8+ Kxg8 55. Qxf1 Rxh5+ 56. Kg3 1/2-1/2

[Event "Heusenstamm Sparkassen op-B 9th"]
[Site "Heusenstamm"]
[Date "2023.11.25"]
[Round "4"]
[White "Henzelmann, Matthias"]
[Black "Michalski, Uwe"]
[Result "0-1"]
[WhiteElo "1469"]
[BlackElo "1677"]
[PlyCount "78"]
[EventDate "2023.11.23"]
[EventType "swiss"]
[EventRounds "7"]
[EventCountry "GER"]
[SourceTitle "EXT 2025"]
[Source "ChessBase"]
[SourceDate "2024.10.14"]
[SourceVersion "1"]
[SourceVersionDate "2024.10.14"]
[SourceQuality "1"]

1. d4 Nf6 2. c4 d6 3. Nc3 g6 4. e4 Bg7 5. g3 c6 6. Bg2 0-0 7. Nf3 Na6 8. 0-0 Bd7 9. Re1 c5 10. d5 Nh5 11. Bd2 Nb4 12. a3 Nd3 13. Re3 Nxb2 14. Qb3 Qb6 15. Qxb6 axb6 16. Rb1 Nxc4 17. Ree1 Nxd2 18. Nxd2 Bxc3 19. Red1 Ba4 20. Nb3 c4 21. Rdc1 Bxb3 22. Rxc3 Rxa3 23. Bf1 b5 24. Be2 Nf6 25. f3 Rfa8 26. Rcc1 Ra2 27. Kf1 Rd2 28. Rc3 Raa2 29. Re3 Nd7 30. h4 Nc5 31. Ke1 b4 32. Bd1 Nd3+ 33. Rxd3 Rxd3 34. Bxb3 Rxb3 35. Rc1 Rbb2 36. Kd1 Rh2 37. Rc2 Raxc2 38. f4 Ra2 39. Kc1 Rh1# 0-1

[Event "Heusenstamm Sparkassen op-B 9th"]
[Site "Heusenstamm"]
[Date "2023.11.24"]
[Round "2"]
[White "Henzelmann, Matthias"]
[Black "Lasschuit, Rene"]
[Result "1/2-1/2"]
[WhiteElo "1469"]
[BlackElo "1614"]
[PlyCount "41"]
[EventDate "2023.11.23"]
[EventType "swiss"]
[EventRounds "7"]
[EventCountry "GER"]
[SourceTitle "EXT 2025"]
[Source "ChessBase"]
[SourceDate "2024.10.14"]
[SourceVersion "1"]
[SourceVersionDate "2024.10.14"]
[SourceQuality "1"]

1. d4 Nf6 2. c4 c5 3. e3 cxd4 4. exd4 d5 5. Nf3 g6 6. Nc3 Bg7 7. Be3 0-0 8. h3 Nc6 9. a3 Be6 10. c5 Ne4 11. Qc2 Qa5 12. Bd2 Qc7 13. Nxe4 dxe4 14. Qxe4 Bd5 15. Qxd5 Rad8 16. Qb3 Nxd4 17. Nxd4 Bxd4 18. Qc2 Qe5+ 19. Be2 Rc8 20. Bc3 Qxc5 21. f3 1/2-1/2

[Event "Main Vogelsberg op 17th"]
[Site "Waechtersbach"]
[Date "2023.10.02"]
[Round "6"]
[White "Henzelmann, Matthias"]
[Black "Herrmann, Gerhard"]
[Result "0-1"]
[WhiteElo "1382"]
[BlackElo "1457"]
[PlyCount "80"]
[EventDate "2023.09.30"]
[EventType "swiss"]
[EventRounds "7"]
[EventCountry "GER"]
[SourceTitle "EXT 2025"]
[Source "ChessBase"]
[SourceDate "2024.10.14"]
[SourceVersion "1"]
[SourceVersionDate "2024.10.14"]
[SourceQuality "1"]
[WhiteTeam "SC Heuchelheim"]
[BlackTeam "SC Koenigsspringer Alzenau eV"]

1. d4 d5 2. c4 e6 3. Nc3 Nf6 4. Bg5 Be7 5. Nf3 h6 6. Bh4 0-0 7. e3 b6 8. Qc2 Bb7 9. h3 Nbd7 10. a3 c5 11. dxc5 Nxc5 12. b4 Nce4 13. Nxe4 Nxe4 14. Bxe7 Qxe7 15. Bd3 Rac8 16. Bxe4 dxe4 17. Nd2 f5 18. 0-0 Qf6 19. Rac1 Qg6 20. Qb3 f4 21. f3 exf3 22. Nxf3 Bxf3 23. Rxf3 fxe3 24. Qxe3 Rxf3 25. Qxf3 Qf7 26. Kf2 Qc7 27. Qe3 Rf8+ 28. Ke2 Rf6 29. c5 bxc5 30. Rxc5 Qb7 31. Qg3 Qe4+ 32. Kd2 Qd4+ 33. Kc2 Rf2+ 34. Kb3 Rb2+ 35. Ka4 Qd7+ 36. Ka5 Ra2 37. Ka6 Rd2 38. Rc7 Rd6+ 39. Kxa7 Qxc7+ 40. Ka8 Rd8# 0-1

[Event "Main Vogelsberg op 17th"]
[Site "Waechtersbach"]
[Date "2023.09.30"]
[Round "2"]
[White "Henzelmann, Matthias"]
[Black "Koenigs, Paul"]
[Result "1-0"]
[WhiteElo "1382"]
[BlackElo "1561"]
[PlyCount "97"]
[EventDate "2023.09.30"]
[EventType "swiss"]
[EventRounds "7"]
[EventCountry "GER"]
[SourceTitle "EXT 2025"]
[Source "ChessBase"]
[SourceDate "2024.10.14"]
[SourceVersion "1"]
[SourceVersionDate "2024.10.14"]
[SourceQuality "1"]
[WhiteTeam "SC Heuchelheim"]
[BlackTeam "SF Erkelenz 1959 eV"]

1. d4 Nf6 2. Nf3 d6 3. c4 g6 4. Nc3 Bg7 5. e3 Nbd7 6. Be2 0-0 7. 0-0 e5 8. Qc2 c6 9. Rd1 Qc7 10. b3 exd4 11. Nxd4 Ne5 12. Nf3 Bg4 13. Ba3 Rfd8 14. Nxe5 dxe5 15. Rxd8+ Rxd8 16. f3 Bf5 17. e4 Bc8 18. Rd1 b6 19. Rd3 Ne8 20. Qd2 Rxd3 21. Qxd3 Qd7 22. Qxd7 Bxd7 23. Kf2 Nc7 24. Ke3 Ne6 25. g3 Nd4 26. Bd3 f6 27. Ne2 c5 28. Nxd4 exd4+ 29. Ke2 Kf7 30. b4 Bf8 31. b5 g5 32. Bc1 Ke6 33. g4 Bd6 34. h3 Kf7 35. a3 Kg6 36. e5+ Kf7 37. exd6 h6 38. Bf5 Ke8 39. Bg6+ Kd8 40. f4 Be6 41. Kd3 Kd7 42. fxg5 hxg5 43. Bf5 Kxd6 44. Bxe6 Kxe6 45. Ke4 Kf7 46. Kd5 Ke7 47. Kc6 Ke6 48. Kb7 Ke5 49. Kxa7 1-0

[Event "Wiesbaden op 32nd"]
[Site "Wiesbaden"]
[Date "2023.08.26"]
[Round "4"]
[White "Henzelmann, Matthias"]
[Black "Kaehm, Kevin"]
[Result "0-1"]
[WhiteElo "1443"]
[BlackElo "1682"]
[PlyCount "170"]
[EventDate "2023.08.24"]
[EventType "swiss"]
[EventRounds "7"]
[EventCountry "GER"]
[SourceTitle "CBM 216 Extra"]
[Source "ChessBase"]
[SourceDate "2023.11.30"]
[SourceVersion "1"]
[SourceVersionDate "2023.11.30"]
[SourceQuality "1"]

1. d4 d5 2. c4 e6 3. Nc3 Nf6 4. Nf3 b6 5. e3 Bb7 6. a3 Be7 7. Be2 0-0 8. 0-0 Nbd7 9. b4 a5 10. b5 Rc8 11. Bd2 dxc4 12. Bxc4 c5 13. bxc6 Bxc6 14. Bb5 Ne4 15. Bxc6 Nxc3 16. Bxc3 Rxc6 17. Bd2 Qc7 18. Qb3 Rc8 19. g3 Rc2 20. Rfc1 Qc4 21. Qxc4 R8xc4 22. Rxc2 Rxc2 23. Kf1 g5 24. h3 Nf6 25. Rc1 Ra2 26. Rc6 Ne4 27. Ke2 Bxa3 28. Kd3 Nxf2+ 29. Ke2 Ne4 30. Kd3 Nxd2 31. Nxd2 Bb4 32. Nf3 Rg2 33. g4 Rg3 34. Nxg5 h6 35. Ne4 Rxh3 36. Rxb6 Kg7 37. Rb5 Rh4 38. Nf2 Be1 39. Ke2 Bxf2 40. Kxf2 Rh2+ 41. Kf3 Ra2 42. e4 a4 43. Ra5 a3 44. Kf4 Ra1 45. Ke5 a2 46. Kd6 Re1 47. Rxa2 Rxe4 48. Rg2 Rxd4+ 49. Ke5 Rd5+ 50. Ke4 Kg6 51. Kf4 f6 52. Ke4 Ra5 53. Kf4 Ra4+ 54. Ke3 Kg5 55. Kf3 e5 56. Rg1 Ra3+ 57. Ke4 Rb3 58. Rg2 Rb4+ 59. Kf3 Rf4+ 60. Ke3 Rxg4 61. Rh2 h5 62. Kf3 e4+ 63. Ke3 f5 64. Ke2 f4 65. Kf2 h4 66. Ke2 f3+ 67. Ke3 Rg2 68. Rxg2+ fxg2 69. Kf2 h3 70. Kg3 e3 71. Kxh3 e2 72. Kxg2 e1Q 73. Kf3 Qc3+ 74. Ke4 Qc4+ 75. Ke5 Qe2+ 76. Kd4 Kf5 77. Kd5 Qd2+ 78. Kc5 Ke6 79. Kc4 Ke5 80. Kc5 Qc2+ 81. Kb5 Kd6 82. Kb4 Kd5 83. Kb5 Qb2+ 84. Ka6 Kc6 85. Ka7 Qb7# 0-1

[Event "Wiesbaden op 32nd"]
[Site "Wiesbaden"]
[Date "2023.08.25"]
[Round "2"]
[White "Henzelmann, Matthias"]
[Black "Burkhardt, Jan"]
[Result "0-1"]
[WhiteElo "1443"]
[BlackElo "1685"]
[PlyCount "134"]
[EventDate "2023.08.24"]
[EventType "swiss"]
[EventRounds "7"]
[EventCountry "GER"]
[SourceTitle "CBM 216 Extra"]
[Source "ChessBase"]
[SourceDate "2023.11.30"]
[SourceVersion "1"]
[SourceVersionDate "2023.11.30"]
[SourceQuality "1"]

1. d4 d5 2. Nf3 Nf6 3. e3 e6 4. c4 dxc4 5. Bxc4 c5 6. 0-0 a6 7. a4 Nc6 8. dxc5 Qxd1 9. Rxd1 Bxc5 10. Bd2 e5 11. Bc3 Bg4 12. h3 Bxf3 13. gxf3 0-0 14. Nd2 Rfd8 15. Nb3 Ba7 16. Na5 Nxa5 17. Bxa5 Re8 18. Bc3 Rac8 19. Bb3 Rc7 20. Rd2 e4 21. fxe4 Nxe4 22. Rd3 Nc5 23. Bxf7+ Rxf7 24. Rd5 Ne4 25. Be1 h6 26. Rad1 Ng5 27. Kg2 Ref8 28. Rd7 Kh7 29. f4 Ne4 30. R7d3 Nc5 31. Ra3 Re8 32. b4 Nd7 33. Rdd3 Rfe7 34. Bd2 Nb6 35. b5 Nc4 36. Bb4 Nxa3 37. Bxe7 Rxe7 38. Rxa3 Rxe3 39. Rxe3 Bxe3 40. Kf3 axb5 41. axb5 Bc5 42. h4 Kg6 43. Kg4 h5+ 44. Kg3 Kf5 45. Kf3 g6 46. b6 Bxb6 47. Kg3 Bc7 48. Kf3 b5 49. Ke3 b4 50. Kd3 Kxf4 51. Kc4 Bd6 52. Kd4 Kg4 53. Ke4 Kxh4 54. Kd3 g5 55. Kc4 g4 56. Kd3 g3 57. Kc4 g2 58. Kd3 g1Q 59. Ke4 Qg4+ 60. Kd5 b3 61. Kxd6 b2 62. Kd5 b1R 63. Kc5 Rf1 64. Kd5 Rf5+ 65. Ke6 Qg6+ 66. Ke7 Rf7+ 67. Ke8 Qg8# 0-1

[Event "Heusenstamm Sparkassen op U14 6th"]
[Site "Heusenstamm"]
[Date "2019.11.23"]
[Round "2"]
[White "Henzelmann, Matthias"]
[Black "Vick, Edward"]
[Result "0-1"]
[WhiteElo "843"]
[BlackElo "1242"]
[PlyCount "40"]
[EventDate "2019.11.21"]
[EventType "swiss"]
[EventRounds "7"]
[EventCountry "GER"]
[SourceTitle "CBM 194 Extra"]
[Source "ChessBase"]
[SourceDate "2020.03.31"]
[SourceVersion "1"]
[SourceVersionDate "2020.03.31"]
[SourceQuality "1"]

1. e4 d5 2. exd5 Nf6 3. Bc4 Nxd5 4. Bxd5 Qxd5 5. Nc3 Qxg2 6. f3 Qxh1 7. Kf1 Bh3+ 8. Kf2 Qg2+ 9. Ke3 e6 10. d4 Nc6 11. Bd2 0-0-0 12. Nce2 e5 13. Bc3 exd4+ 14. Bxd4 Bc5 15. Qd2 Rhe8+ 16. Kd3 Bxd4 17. Nxd4 Rxd4+ 18. Kc3 Qxd2+ 19. Kb3 Be6+ 20. Ka3 Qb4# 0-1

[Event "Heusenstamm Sparkassen op U14 6th"]
[Site "Heusenstamm"]
[Date "2019.11.22"]
[Round "1"]
[White "Kautz, Christopher"]
[Black "Henzelmann, Matthias"]
[Result "0-1"]
[WhiteElo "1180"]
[BlackElo "843"]
[PlyCount "84"]
[EventDate "2019.11.21"]
[EventType "swiss"]
[EventRounds "7"]
[EventCountry "GER"]
[SourceTitle "CBM 194 Extra"]
[Source "ChessBase"]
[SourceDate "2020.03.31"]
[SourceVersion "1"]
[SourceVersionDate "2020.03.31"]
[SourceQuality "1"]

1. c4 e5 2. Nc3 Nf6 3. g3 Bc5 4. e3 d6 5. Bg2 Nc6 6. a3 Be6 7. d3 d5 8. b4 Bd6 9. cxd5 Nxd5 10. Nxd5 Be7 11. Nxe7 Qxe7 12. Ne2 0-0 13. 0-0 Rfd8 14. Qc2 Qd7 15. Rd1 Bd5 16. Bxd5 Qxd5 17. e4 Qd7 18. Be3 Rdc8 19. Rd2 Nd4 20. Bxd4 exd4 21. Qc4 Rd8 22. Rc1 Rdc8 23. Nf4 Re8 24. Qd5 Qxd5 25. Nxd5 c6 26. Rdc2 Rad8 27. Nf4 h6 28. Ne2 a6 29. Rc4 Rd7 30. Rxd4 Ree7 31. Rc3 f6 32. Nf4 Rxd4 33. Kf1 Kf7 34. Ke2 g5 35. Ng2 Ke6 36. f4 f5 37. Ke3 Red7 38. exf5+ Kxf5 39. Rc5+ Kg4 40. Ne1 R4d6 41. fxg5 hxg5 42. Nf3 Rxd3+ 0-1

[Event "Bad Soden U10 op"]
[Site "Bad Soden"]
[Date "2019.10.05"]
[Round "7"]
[White "Henzelmann, Matthias"]
[Black "Simmert, Christopher"]
[Result "0-1"]
[WhiteElo "869"]
[BlackElo "990"]
[PlyCount "52"]
[EventDate "2019.10.03"]
[EventType "swiss"]
[EventRounds "9"]
[EventCountry "GER"]
[SourceTitle "CBM 192 Extra"]
[Source "Chessbase"]
[SourceDate "2019.11.06"]
[SourceVersion "1"]
[SourceVersionDate "2019.11.06"]
[SourceQuality "1"]

1. e4 e5 2. Nf3 Nc6 3. Bc4 Nf6 4. Nc3 Bc5 5. d3 d6 6. 0-0 0-0 7. Nd5 Bg4 8. c3 Ne7 9. Nxf6+ gxf6 10. h3 Be6 11. Bh6 Re8 12. Bxe6 fxe6 13. Nh4 Kh8 14. b4 Bb6 15. Be3 Rg8 16. a3 Ng6 17. Nxg6+ Rxg6 18. Qf3 f5 19. exf5 exf5 20. Qxf5 Qh4 21. c4 Bd4 22. Bxd4 exd4 23. g3 Rag8 24. a4 Rxg3+ 25. fxg3 Qxg3+ 26. Kh1 Qg2# 0-1